000 00690nam a2200253 a 4500
001 adlib96000001
003 ViArRB
005 200902210153555.7
008 960221s1955 dcuabcdjdbkoqu001 0deng d
020 _a
022 _a
040 _aAdlib
082 _a547
245 _aOrganic chemistry
250 _a
260 _aNew York
_bMacmillan
_c1966
300 _axii, 881p.
_c
500 _a
100 _aRakoff, Henry
_e
700 _aRose, Norman C
_a
942 _cBK
653 _aPhysical organic chemistry
_aOrganic chemistry
_aOrganic reactions
952 _w2010-06-16
_p00006252
_r2012-11-23
_40
_00
_bUL
_10
_o547 RAK
_d2010-06-16
_70
_yBK
_s2012-11-22
_l4
_aUL
999 _c15500
_d15499